1296 1342 1787 1440 1981 1733 1512 1338 1515 1127 1887 1005 1720 1521 1219 1208 1286 1123 1208 1934 1496 1305 1464 1824 1101 1508 1923 1304 1933 1472 1790 1667 1231 1147 1354 1627 1747 1857 1575 1189 1631 1666 1211 1196 1795 1294 1348 1660 1752 1017 1890 1955 1577 1847 1492 1830 1734 1677 1465 1088 1541 1845 1344 1468 1313 1200 1130 1839 1968 1860 1722 1583 1183 1401 1132 1908 1872 1561 1257 1310 1514 1773 1667 1352 1296 1093 1900 1474 1936 1732 1364 1740 1391 1450 1330 1218 1272 1489 1601 BCNSPRNW ULIB Ver.6.0+V

เปลี่ยนเป็นภาษาไทย

Change to English
 แสดงรายละเอียดบรรณานุกรม
  กลับหน้าหลัก

Brief Record : Get Marc (ISO 2709) : E-mail record : QR code < ปิดหน้าต่าง
LEADER : 00000nam 2200000uu 4500
001    13399122994
003     ULIB
008    131126s2555||||th 000 0 tha d
099    ^aวจ.WA100^bบ552
100 0  ^aบุญฤทธิ์ ประสิทธิ์นราพันธุ์ และอดุลย์ วุฒิจูรีพันธุ์
245 00 ^aพฤติกรรมสุขภาพของประชาชนชุมนานาโปร่ง^cโดยบุญฤทธิ์ ประสิทธิ์นราพันธุ์ และอดุลย์ วุฒิจูรีพันธุ์
260    ^a อุตรดิตถ์ :^bวิทยาลัยพยาบาลบรมราชชนนี อุตรดิตถ์,^c2555
300    ^a 61 หน้า
650  4 ^aพฤติกรรมสุขภาพ^xวิจัย
650  7 ^aชุมชนนาโปร่ง จังหวัดอุตรดิตถ์
700 0  ^aอดุลย์ วุฒิจูรีพันธุ์
945    ^p0^l0^i034196
999    ^aเกษร โพธิ์สุวรรณ
รายการนี้ยังไม่มีแท็ก
คุณยังไม่ได้ล็อกอิน คุณสามารถมีกิจกรรมร่วมกับเว็บไซต์ได้ แต่ต้องล็อกอินก่อน ::
  ล็อกอิน

รายการสื่อสารสนเทศ

ลำดับที่ ประเภท เลขเรียก/บาร์โค้ด สถานที่ สถานะ
1. งานวิจัย
งานวิจัย
วจ.WA100 บ552  
  Barcode: 034196
ห้องสมุดวิทยาเขตสวรรค์ประชารักษ์
►วิจัย
บนชั้น

BibComment


ยังไม่เคยถูกคอมเมนท์

คอมเมนท์ทรัพยากรรายการนี้
  คอมเมนท์: พฤติกรรมสุขภาพขอ..


 Copyright 2026. Bcnsprnw @Library